Manual del instalador de motores eléctricos
Spremljeno u:
| Glavni autor: | |
|---|---|
| Format: | Knjiga |
| Jezik: | španjolski |
| Izdano: |
Barcelona
CEAC
1986
|
| Izdanje: | 5a. ed |
| Serija: | Manuales CEAC de Electricidad
|
| Teme: | |
| Oznake: |
Dodaj oznaku
Bez oznaka, Budi prvi tko označuje ovaj zapis!
|
MARC
| LEADER | 00000nam a2200000 a 4500 | ||
|---|---|---|---|
| 001 | UCV6298 | ||
| 003 | CL-VaPUC | ||
| 008 | 910109e19860000SP |||||||||||||||||spa|d | ||
| 082 | 0 | 4 | |a 621.462 |b PAR |2 21 |
| 100 | |a Parés, José María |e author |9 478758 | ||
| 245 | 1 | 0 | |a Manual del instalador de motores eléctricos |
| 250 | |a 5a. ed | ||
| 300 | |a 222 p | ||
| 942 | |c BK | ||
| 945 | |d 19910109 00:00:00 | ||
| 260 | |a Barcelona |b CEAC |c 1986 | ||
| 650 | 0 | |a Motores eléctricos |9 260085 | |
| 650 | 0 | |a Manuales |9 257144 | |
| 583 | |a last modification |c 19910109 00:00:00 |k Rodrigo Vera | ||
| 490 | 0 | |a Manuales CEAC de Electricidad | |
| 999 | |c 212447 |d 212445 | ||